000 00290nam a22001337a 4500
008 170928b xxu||||| |||| 00| 0 eng d
020 _a9780131706842
041 _aeng
080 _22ND
_a37
100 _a47
101 _aEDU
245 _aTHE LIFE SPAN
_cBRODERICK,P.C
942 _2udc
_cBK
999 _c30558
_d30558